00233nam a2200097Ia 4500008004100000041000800041100002900049245001600078260002600094650001500120231219s9999 xx 000 0 und d aeng aMuriel James , Jongeward aBorn to Win bA Signet Book .U.S.A  aManagement